Sports Quiz

Random Sports Quiz

Warriors Bandwagon Test Quiz Stats

 Plays Quiz not verified by Sporcle

Challenge
Share
Tweet
Embed
Score 0/10 Timer 05:00
0 Plays Today
Hint Answer % Correct
1998-2003, SF/PF, 20.2 PPG, 7.5 RPGAntawn Jamison
40%
1976-1980, C, 13.8 PPG, 9.5 RPGRobert Parish
30%
1966-1976, SG, 17.5 PPG, 4.5 RPGJeff Mullins
30%
1950-1962, SF, 22.8 PPG, 8.6 RPGPaul Arizin
20%
1982-1985, PF, 13.8 PPG, 6.7 RPGMickey Johnson
20%
1980-1987, C, 20.5 PPG, 8.3 RPGJoe Barry Carroll
10%
2008-2010, PF, 19.3 PPG, 5.4 RPGCorey Maggette
10%
1978-1981, PG, 12.7 PPG, 8.0 APGJohn Lucas
0%
1987-1989, C, 9.3 PPG, 6.6 RPGRalph Sampson
0%
2010-2012, SF, 13.8 PPG, 5.0 RPGDorell Wright
0%

You're not logged in!

Compare scores with friends on all Sporcle quizzes.
Join for Free
OR
Log In

You Might Also Like...

Show Comments

Extras

Created May 4, 2017ReportNominate
Tags:former, player, test, warrior

Top Quizzes Today


Score Distribution

Your Account Isn't Verified!

In order to create a playlist on Sporcle, you need to verify the email address you used during registration. Go to your Sporcle Settings to finish the process.

Report this User

Report this user for behavior that violates our Community Guidelines.

Details: